Štvrtý rok ochrany spotrebiteľa pod taktovkou NBS

Ochranu spotrebiteľa na Slovensku vykonáva NBS pomerne krátko, ale svoje kompetencie plní veľmi dobre. NBS napr. zaviedla nové sankcie za porušovanie spotrebiteľských pravidiel, pričom môže uložiť pokutu až do výšky 700-tisíc eur. Keďže je odbor relatívne nový, má aj svoje rezervy. Ochrana spotrebit...

Full description

Saved in:
Bibliographic Details
Format: Book Chapter
Language:Slovak
Subjects:
Tags: Add Tag
No Tags, Be the first to tag this record!

MARC

LEADER 00000naa a2200000 4500
001 0243776
005 20180531085253.0
041 0 |a slo 
044 |a CZ 
245 1 0 |a Štvrtý rok ochrany spotrebiteľa pod taktovkou NBS 
520 |a Ochranu spotrebiteľa na Slovensku vykonáva NBS pomerne krátko, ale svoje kompetencie plní veľmi dobre. NBS napr. zaviedla nové sankcie za porušovanie spotrebiteľských pravidiel, pričom môže uložiť pokutu až do výšky 700-tisíc eur. Keďže je odbor relatívne nový, má aj svoje rezervy. Ochrana spotrebiteľa si vyžaduje veľa času a úsilia do vzdelávania zamestnancov v oblasti európskej legislatívy. 
610 2 0 |a banky centrálne 
610 2 0 |a Slovensko 
610 2 0 |a ochrana spotrebiteľa 
610 2 0 |a legislatíva